000 nam a22 a 4500
999 _c4434
_d4434
005 20170530100312.0
008 170530s2010 my ||||| |||| 00| 0 eng d
040 _aAKMAL
082 _a0004.69 AZN
090 _a0004.69
_bAZN
100 0 0 _aAzna binti Fadzil
_98606
245 1 0 _aExperimental Analysis Of Wifi Signal With Parabolic Reflector :
_b(Thesis) /
_cAzna binti Fadzil
260 _aMalaysia :
_bUniversiti Teknologi MARA,
_c2010.
300 _axv, 144 pages ( binding )
_bill.
_c30 cm
650 0 _aThesis
_98607
942 _2ddc
_cBOOK
950 _lAKMAL